Quiz sur Sophie Marceau - Statistiques

Statistiques générales
  • Ce quiz a été pris 80 fois
  • Le résultat moyen est 6 sur 10
Statistiques - réponses
Question Réponse % Correct
Quel film l'a fait connaître en 1980 ? La Boum
96%
Quel est son vrai patronyme ? Maupu
80%
Quel est l'acteur à qui elle donne la réplique dans le film américain Braveheart ? Mel Gibson
76%
Combien d'enfant(s) a-t-elle ? 2
68%
Qui n'a jamais été son compagnon ? Vincent Cassel
68%
Quelle est son année de naissance ? 1966
64%
Dans quel James Bond a-t-elle joué ? Le monde ne suffit pas
52%
Dans combien de films a-t-elle joué avec Gérard Depardieu ? (sans compter les Clefs de bagnole où ils ne font qu'une apparition) 2
40%
Combien de longs-métrages a-t-elle réalisé ? 3
32%
Quelle différence d'âge avait-elle avec celui qu'elle a rencontré à 15 ans ? 26
16%
Aucun quiz correspondant
Distribution des résultats
% des personnes avec chaque résultat
Percentile par nombre de réponses
Votre historique - résultats
Vous n’avez pas pris ce quiz